[Event "II. CLANSKA LIGA ZAHOD 2016"]
[Site "Komenda"]
[Date "2016.11.13"]
[Round "5.1"]
[White "Hrescak, Ivana"]
[Black "Beletic, Danijel"]
[Result "0-1"]
[WhiteElo "2173"]
[BlackElo "2303"]
[PlyCount "62"]
[EventDate "2016.11.13"]
[WhiteTeam "SK POSTOJNA"]
[BlackTeam "SK RIMEX ILIRSKA BISTRICA"]

1. d4 d5 2. c4 c6 3. Nf3 Nf6 4. Nc3 dxc4 5. a4 Bf5 6. e3 e6 7. Bxc4 Bb4 8. O-O
Nbd7 9. Qe2 O-O 10. e4 Bg4 11. e5 Nd5 12. Bxd5 exd5 13. h3 Bh5 14. Qd3 Bg6 15.
Qd1 Re8 16. Bg5 Qa5 17. Ne2 c5 18. Nf4 Be4 19. dxc5 Bxc5 20. Nd2 Qc7 21. e6
fxe6 22. Nxe4 dxe4 23. Qb3 Qe5 24. Qg3 e3 25. Kh1 exf2 26. Bh4 Nf6 27. Bxf6
Qxf6 28. Nd3 Bd4 29. Nxf2 Rf8 30. Kg1 Rae8 31. Ra3 Qxf2+ 0-1

[Event "II. CLANSKA LIGA ZAHOD 2016"]
[Site "Komenda"]
[Date "2016.11.13"]
[Round "5.2"]
[White "Doric, Nenad"]
[Black "Pridigar, Lovro"]
[Result "1-0"]
[WhiteElo "2255"]
[BlackElo "2044"]
[PlyCount "49"]
[EventDate "2016.11.13"]
[WhiteTeam "SK RIMEX ILIRSKA BISTRICA"]
[BlackTeam "SK POSTOJNA"]

1. e4 c5 2. c3 d6 3. d4 Nf6 4. Bd3 Nc6 5. Nf3 g6 6. h3 Bg7 7. Be3 cxd4 8. cxd4
Bd7 9. Nc3 O-O 10. O-O Rc8 11. a3 Na5 12. Qe2 a6 13. Rad1 Qc7 14. e5 Ne8 15.
Nd5 Qd8 16. Bg5 f6 17. exf6 Nxf6 18. Nxe7+ Kh8 19. Nxc8 Qxc8 20. Rc1 Qd8 21.
Rfe1 h6 22. Bh4 g5 23. Bg3 Nh5 24. Bxd6 Re8 25. Ne5 1-0

[Event "II. CLANSKA LIGA ZAHOD 2016"]
[Site "Komenda"]
[Date "2016.11.13"]
[Round "5.3"]
[White "Jereb, Lana"]
[Black "Nedimovic, Ljubisa"]
[Result "0-1"]
[WhiteElo "1584"]
[BlackElo "2185"]
[PlyCount "54"]
[EventDate "2016.11.13"]
[WhiteTeam "SK POSTOJNA"]
[BlackTeam "SK RIMEX ILIRSKA BISTRICA"]

1. e4 e6 2. d4 d5 3. exd5 exd5 4. Bd3 Nc6 5. c3 Bd6 6. Nf3 Nge7 7. O-O Bg4 8.
Nbd2 Qd7 9. Re1 O-O-O 10. b4 Rde8 11. a4 Ng6 12. Rxe8+ Rxe8 13. Qb3 Nf4 14. Bf1
Qf5 15. a5 Nh3+ 16. gxh3 Bxf3 17. Nxf3 Qxf3 18. Be3 Re6 19. Bd3 Ne7 20. Qa4 c6
21. b5 Qxh3 22. bxc6 Bxh2+ 23. Kh1 bxc6 24. Qb3 Bc7+ 25. Kg1 Qh2+ 26. Kf1 Qh1+
27. Ke2 Qxa1 0-1

[Event "II. CLANSKA LIGA ZAHOD 2016"]
[Site "Komenda"]
[Date "2016.11.13"]
[Round "5.4"]
[White "Sajn, Simon"]
[Black "Skrbec, Leon"]
[Result "1-0"]
[WhiteElo "2096"]
[BlackElo "1505"]
[PlyCount "217"]
[EventDate "2016.11.13"]
[WhiteTeam "SK RIMEX ILIRSKA BISTRICA"]
[BlackTeam "SK POSTOJNA"]

1. d4 Nf6 2. Nf3 e6 3. Bf4 c5 4. e3 Be7 5. Bd3 b6 6. O-O O-O 7. c4 Bb7 8. Nc3
d6 9. h3 Nbd7 10. Qe2 Nh5 11. Bh2 f5 12. Nb5 Nb8 13. dxc5 bxc5 14. Ng5 Bxg5 15.
Qxh5 Be7 16. Rad1 Qb6 17. Qe2 e5 18. Bb1 a6 19. Nc3 Kh8 20. Nd5 Bxd5 21. Rxd5
Nc6 22. Rd3 Rf6 23. Rb3 Qc7 24. Bg3 Rf7 25. Qd2 Raf8 26. Bc2 f4 27. Bh2 f3 28.
Be4 fxg2 29. Bxg2 Bg5 30. Qe2 Bh4 31. Rc3 Rf6 32. Be4 Qd7 33. Qh5 Rh6 34. Qg4
Qe7 35. Rcc1 Nd8 36. Bg3 Ne6 37. Rcd1 Rb8 38. b3 Rf8 39. Kg2 Bf6 40. Bd5 Nc7
41. Be4 Bg5 42. Rd2 a5 43. Rfd1 Rd8 44. Rh1 Rf8 45. h4 Bf6 46. h5 Ne6 47. Rhd1
Rd8 48. Bf5 Nc7 49. Be4 Ne6 50. Bc6 Nc7 51. f4 Na6 52. Qf5 Nb4 53. Bf3 e4 54.
Qxe4 Qxe4 55. Bxe4 Bc3 56. Re2 Rxh5 57. Bf3 Rh6 58. a3 Na6 59. f5 Kg8 60. Bf4
Rf6 61. Bg5 Nc7 62. Rd3 Be5 63. Bxf6 Bxf6 64. Bd5+ Kf8 65. Kf3 Be5 66. Kg4 Ne8
67. Rd1 Nf6+ 68. Kf3 Rb8 69. Rb1 h6 70. Bc6 Rb6 71. Bd5 Ke7 72. e4 Kf8 73. Rg2
Nh7 74. Ke2 Nf6 75. Kd3 Nh5 76. Kc2 Nf4 77. Rf2 Nh3 78. Rff1 Ng5 79. Kd3 Nh7
80. Rf2 Ng5 81. Be6 Nh7 82. Bd7 Nf6 83. Bb5 Rb7 84. b4 Bd4 85. Rff1 axb4 86.
axb4 Re7 87. Bc6 Rc7 88. bxc5 Bxc5 89. Rb8+ Kf7 90. Bd5+ Ke7 91. Rfb1 Nd7 92.
R1b7 Ne5+ 93. Ke2 Rxb7 94. Rxb7+ Kf6 95. Kf1 h5 96. Kg2 Be3 97. Rb3 Bg5 98. Rb6
Ke7 99. c5 Nd7 100. Rb7 Kd8 101. cxd6 Bf4 102. Be6 Bh6 103. Rxd7+ Ke8 104. Rb7
Bg5 105. Rxg7 Bh6 106. Re7+ Kf8 107. Rh7 Bf4 108. d7 Bc7 109. f6 1-0

[Event "II. CLANSKA LIGA ZAHOD 2016"]
[Site "Komenda"]
[Date "2016.11.13"]
[Round "5.5"]
[White "Hvala, Arja Ela"]
[Black "Rolih, Miran"]
[Result "0-1"]
[WhiteElo "1176"]
[BlackElo "1795"]
[PlyCount "118"]
[EventDate "2016.11.13"]
[WhiteTeam "SK POSTOJNA"]
[BlackTeam "SK RIMEX ILIRSKA BISTRICA"]

1. d4 Nf6 2. Nf3 c5 3. c3 b6 4. Bf4 Bb7 5. e3 g6 6. Be2 Bg7 7. Nbd2 O-O 8. Rc1
d6 9. O-O Nbd7 10. Qc2 Rc8 11. Qd3 h6 12. e4 Nh5 13. Be3 Ndf6 14. e5 Nd5 15.
exd6 Nhf4 16. Bxf4 Nxf4 17. Qe3 Nxe2+ 18. Qxe2 exd6 19. Rcd1 Re8 20. Qd3 c4 21.
Qc2 Re2 22. Qc1 Qf6 23. Rde1 Rce8 24. Qd1 Bxf3 25. Nxf3 Qe6 26. d5 Qe4 27. Nd2
Rxe1 28. Nxe4 Rxd1 29. Rxd1 Rxe4 30. f3 Re2 31. Rb1 h5 32. Kf1 Rd2 33. Re1 Kf8
34. Rb1 Rxd5 35. Ke2 h4 36. Rd1 Rxd1 37. Kxd1 Bh6 38. h3 b5 39. Kc2 a5 40. b3
d5 41. bxc4 dxc4 42. a3 Ke7 43. Kd1 Kd6 44. Kc2 Kc5 45. Kb2 Bg7 46. Kc2 Bxc3
47. Kxc3 b4+ 48. axb4+ axb4+ 49. Kc2 Kd4 50. Kc1 Kc3 51. Kb1 Kd2 52. Kb2 c3+
53. Kb3 c2 54. Kxb4 c1=Q 55. Kb5 Qc7 56. Kb4 Qc6 57. Kb3 Qb5+ 58. Ka3 Kc3 59.
Ka2 Qb2# 0-1

[Event "II. CLANSKA LIGA ZAHOD 2016"]
[Site "Komenda"]
[Date "2016.11.13"]
[Round "5.6"]
[White "Delost, Josko"]
[Black "Hrescak, Boris"]
[Result "1/2-1/2"]
[WhiteElo "1666"]
[BlackElo "1540"]
[PlyCount "111"]
[EventDate "2016.11.13"]
[WhiteTeam "SK RIMEX ILIRSKA BISTRICA"]
[BlackTeam "SK POSTOJNA"]

1. e4 g6 2. d4 Bg7 3. c3 d6 4. Bd3 Nf6 5. Ne2 O-O 6. O-O a6 7. f4 e6 8. Ng3 d5
9. Nd2 Nfd7 10. e5 c5 11. Nf3 Nc6 12. a3 Qb6 13. Ne2 Qc7 14. Be3 c4 15. Bc2 b5
16. Qd2 Ne7 17. g4 f6 18. exf6 Nxf6 19. Ne5 Nc6 20. h3 Nxe5 21. fxe5 Ne4 22.
Bxe4 dxe4 23. Rxf8+ Bxf8 24. Re1 Bb7 25. Ng3 a5 26. Qc2 b4 27. axb4 axb4 28.
Rc1 b3 29. Qd1 Ra2 30. Rb1 Qf7 31. Qf1 Qf3 32. Qxf3 exf3 33. Kf2 Be7 34. g5 h6
35. h4 h5 36. Bc1 Kf7 37. Ke3 Kg7 38. Nf1 Ra8 39. Ng3 Bd5 40. Ne4 Rf8 41. Nf6
Bc6 42. Ra1 Ra8 43. Rxa8 Bxa8 44. Ne4 Bc6 45. Kxf3 Bf8 46. Kf4 Be7 47. Nd6 Bd5
48. Nb5 Bc6 49. Nc7 Kf7 50. Na6 Bf8 51. Nc5 Bd5 52. Ne4 Be7 53. Nd6+ Kg8 54.
Ne8 Kf7 55. Nf6 Kg7 56. Ne4 1/2-1/2

[Event "II. CLANSKA LIGA ZAHOD 2016"]
[Site "Komenda"]
[Date "2016.11.26"]
[Round "6.1"]
[White "Jukan, Nesib"]
[Black "Beletic, Danijel"]
[Result "0-1"]
[WhiteElo "1996"]
[BlackElo "2303"]
[PlyCount "54"]
[EventDate "2016.11.26"]
[WhiteTeam "SK TRZIN"]
[BlackTeam "SK RIMEX ILIRSKA BISTRICA"]

1. Nf3 Nf6 2. d4 c5 3. d5 g6 4. c4 b5 5. e3 Bb7 6. Bd3 bxc4 7. Bxc4 Bg7 8. Nc3
O-O 9. O-O d6 10. e4 Ba6 11. Bxa6 Nxa6 12. Re1 Nd7 13. Bf4 Rb8 14. Rb1 Rxb2 15.
Rxb2 Bxc3 16. Ree2 Bxb2 17. Rxb2 Nb6 18. Bh6 Re8 19. Ng5 Qd7 20. Rb3 Nc7 21.
Rh3 f6 22. Qa1 Qa4 23. Rd3 Rb8 24. e5 fxe5 25. Rf3 Nbxd5 26. Rf7 Ne6 27. Rxh7
Qc2 0-1

[Event "II. CLANSKA LIGA ZAHOD 2016"]
[Site "Komenda"]
[Date "2016.11.26"]
[Round "6.2"]
[White "Doric, Nenad"]
[Black "Bajec, Borut"]
[Result "1-0"]
[WhiteElo "2255"]
[BlackElo "1794"]
[PlyCount "49"]
[EventDate "2016.11.26"]
[WhiteTeam "SK RIMEX ILIRSKA BISTRICA"]
[BlackTeam "SK TRZIN"]

1. d4 d5 2. c4 e6 3. Nc3 Nf6 4. cxd5 exd5 5. Bg5 Be7 6. e3 O-O 7. Bd3 Nbd7 8.
Qc2 c6 9. Nf3 h6 10. Bh4 Nh5 11. Bxe7 Qxe7 12. O-O-O Nhf6 13. Rdg1 c5 14. g4 c4
15. Bf5 b5 16. Nxb5 Rb8 17. Nc3 a5 18. h4 Nb6 19. g5 Ne4 20. Bxe4 dxe4 21. gxh6
g6 22. Qxe4 Be6 23. d5 Nxd5 24. Nxd5 Qd8 25. Qe5 1-0

[Event "II. CLANSKA LIGA ZAHOD 2016"]
[Site "Komenda"]
[Date "2016.11.26"]
[Round "6.3"]
[White "Borstnik, Ales"]
[Black "Nedimovic, Ljubisa"]
[Result "0-1"]
[WhiteElo "1747"]
[BlackElo "2185"]
[PlyCount "58"]
[EventDate "2016.11.26"]
[WhiteTeam "SK TRZIN"]
[BlackTeam "SK RIMEX ILIRSKA BISTRICA"]

1. e4 e6 2. d4 d5 3. exd5 exd5 4. Nf3 Nc6 5. Bb5 Bd6 6. O-O Bg4 7. h3 Bh5 8.
Nc3 Nge7 9. Bg5 f6 10. Bh4 g5 11. Bg3 Bxg3 12. fxg3 Qd6 13. g4 Bg6 14. Bd3
O-O-O 15. Nb5 Qd7 16. Qe2 Rde8 17. Qd2 a6 18. Na3 Be4 19. Be2 Ng6 20. Nh2 Nf4
21. Bf3 Bxf3 22. Rxf3 Nxd4 23. Rf2 Nde2+ 24. Kh1 Ng3+ 25. Kg1 Nfe2+ 26. Rxe2
Nxe2+ 27. Kf2 Nf4 28. Qd4 Kb8 29. c4 Qe6 0-1

[Event "II. CLANSKA LIGA ZAHOD 2016"]
[Site "Komenda"]
[Date "2016.11.26"]
[Round "6.4"]
[White "Sajn, Simon"]
[Black "Troha, Bogomir"]
[Result "1-0"]
[WhiteElo "2096"]
[BlackElo "1744"]
[PlyCount "83"]
[EventDate "2016.11.26"]
[WhiteTeam "SK RIMEX ILIRSKA BISTRICA"]
[BlackTeam "SK TRZIN"]

1. d4 c5 2. d5 Nf6 3. c4 g6 4. Nc3 Bg7 5. e4 d6 6. Be2 O-O 7. Nf3 Na6 8. O-O
Nc7 9. Bf4 Nd7 10. Qd2 a6 11. a4 Rb8 12. Bh6 Nf6 13. Rfe1 Bd7 14. e5 Ng4 15.
Bxg7 Kxg7 16. exd6 exd6 17. Ne4 Bf5 18. Qc3+ f6 19. Nfd2 Ne5 20. Ng3 Qc8 21.
Nde4 Ne8 22. f4 Nf7 23. Bd3 Nh6 24. Ng5 Kg8 25. Nxf5 Nxf5 26. Ne6 Neg7 27. Nxf8
Qxf8 28. Bxf5 Nxf5 29. Re4 Nd4 30. b4 b6 31. Rae1 Qh6 32. Re8+ Rxe8 33. Rxe8+
Kg7 34. Qe3 Nf5 35. Qf2 Qh5 36. bxc5 bxc5 37. Qe2 Qh4 38. g4 Nh6 39. Re7+ Nf7
40. Qe6 Kh6 41. Rxf7 f5 42. g5+ 1-0

[Event "II. CLANSKA LIGA ZAHOD 2016"]
[Site "Komenda"]
[Date "2016.11.26"]
[Round "6.5"]
[White "Banfi, Gregor"]
[Black "Rolih, Miran"]
[Result "0-1"]
[WhiteElo "1609"]
[BlackElo "1795"]
[PlyCount "114"]
[EventDate "2016.11.26"]
[WhiteTeam "SK TRZIN"]
[BlackTeam "SK RIMEX ILIRSKA BISTRICA"]

1. e4 c5 2. Nf3 d6 3. d4 cxd4 4. Nxd4 Nf6 5. Nc3 a6 6. Be2 e5 7. Nb3 Be7 8. Bg5
Nbd7 9. Qd2 h6 10. Be3 Nb6 11. O-O-O Be6 12. Kb1 Qc7 13. Bxb6 Qxb6 14. Rhg1
O-O-O 15. f3 d5 16. exd5 Nxd5 17. Nxd5 Rxd5 18. Qc3+ Qc7 19. Qe3 Rhd8 20. Rxd5
Rxd5 21. Bd3 Kb8 22. Re1 Bg5 23. Qe2 g6 24. Bc4 Rd6 25. Bd3 Bf5 26. Bxf5 gxf5
27. Nc1 Rd2 28. Qxe5 Qxe5 29. Rxe5 Rd1 30. a3 Rxc1+ 31. Ka2 Rxc2 32. Rxf5 Rxg2
33. Rxf7 Rxh2 34. f4 Rf2 35. f5 h5 36. Rh7 h4 37. a4 Rxf5 38. b4 Rf4 39. Kb3
Re4 40. b5 axb5 41. axb5 Ka7 42. Rh5 Be7 43. Rh6 Rb4+ 44. Kc3 Rxb5 45. Rh7 Bg5
46. Kc4 Rf5 47. Rh5 b5+ 48. Kd3 Kb6 49. Ke4 Rc5 50. Rh7 b4 51. Rh8 Kb5 52. Kd3
Rc3+ 53. Ke4 h3 54. Rh5 Rg3 55. Rh7 b3 56. Kd5 Be3 57. Rb7+ Bb6 0-1

[Event "II. CLANSKA LIGA ZAHOD 2016"]
[Site "Komenda"]
[Date "2016.11.26"]
[Round "6.6"]
[White "Delost, Josko"]
[Black "Konvalinka, Kostja"]
[Result "0-1"]
[WhiteElo "1666"]
[BlackElo "1694"]
[PlyCount "62"]
[EventDate "2016.11.26"]
[WhiteTeam "SK RIMEX ILIRSKA BISTRICA"]
[BlackTeam "SK TRZIN"]

1. d4 Nf6 2. Nf3 d5 3. Bf4 e6 4. e3 c5 5. c3 Nc6 6. Nbd2 cxd4 7. exd4 Be7 8. h3
O-O 9. Bd3 Nh5 10. Bh2 Nf6 11. O-O h6 12. Re1 Re8 13. Ne5 Nxe5 14. dxe5 Nh7 15.
Nf3 Ng5 16. Bc2 Nxf3+ 17. Qxf3 Bc5 18. Rab1 Qg5 19. Bf4 Qh4 20. Kf1 Bd7 21. Kg1
Bc6 22. Bg3 Qg5 23. Qd3 g6 24. Qd1 Qxg3 25. Qd2 Qg5 26. Qe2 d4 27. g4 dxc3 28.
bxc3 h5 29. c4 hxg4 30. hxg4 Rad8 31. Rb3 Rd2 0-1

[Event "II. CLANSKA LIGA ZAHOD 2016"]
[Site "Komenda"]
[Date "2016.11.26"]
[Round "6.1"]
[White "Luzar, Emil"]
[Black "Hrescak, Ivana"]
[Result "1-0"]
[WhiteElo "2176"]
[BlackElo "2173"]
[PlyCount "75"]
[EventDate "2016.11.26"]
[WhiteTeam "SK DOLENJSKE TOPLICE"]
[BlackTeam "SK POSTOJNA"]

1. e4 c5 2. Nc3 Nc6 3. f4 g6 4. Nf3 Bg7 5. Bb5 Nd4 6. Nxd4 cxd4 7. Nb1 Qb6 8.
Bc4 d6 9. d3 Nf6 10. O-O O-O 11. h3 Qc5 12. Nd2 e5 13. Nf3 Bd7 14. Qe1 b5 15.
b4 Qc8 16. Bb3 Nh5 17. fxe5 dxe5 18. Qh4 h6 19. g4 Nf4 20. Bxf4 exf4 21. g5
Bxh3 22. gxh6 Bxh6 23. Kh2 Qg4 24. Rg1 Qxh4 25. Nxh4 Be6 26. Nxg6 fxg6 27.
Rxg6+ Kh7 28. Rxe6 f3 29. Re7+ Kg6 30. Rg1+ Kh5 31. Kh3 Bg5 32. Re5 f2 33.
Rgxg5+ Kh6 34. Rh5+ Kg6 35. Reg5+ Kf6 36. Rf5+ Kg6 37. Rhg5+ Kh6 38. Kg2 1-0

[Event "II. CLANSKA LIGA ZAHOD 2016"]
[Site "Komenda"]
[Date "2016.11.26"]
[Round "6.2"]
[White "Slejko, Vladimir"]
[Black "Pucelj, Joze"]
[Result "0-1"]
[WhiteElo "1925"]
[BlackElo "2084"]
[PlyCount "110"]
[EventDate "2016.11.26"]
[WhiteTeam "SK POSTOJNA"]
[BlackTeam "SK DOLENJSKE TOPLICE"]

1. b3 d6 2. Bb2 c5 3. g3 Nc6 4. Bg2 e5 5. e3 Qc7 6. Nc3 Nf6 7. h3 a6 8. a3 Be7
9. g4 h6 10. Nge2 Bd7 11. Ng3 O-O-O 12. Qf3 Be6 13. d3 g6 14. Nge4 Nxe4 15.
dxe4 Rdf8 16. Nd5 Bxd5 17. exd5 Nd8 18. h4 Qa5+ 19. c3 Qb5 20. b4 Qc4 21. e4
Kc7 22. O-O-O cxb4 23. Bf1 Qb3 24. axb4 h5 25. Bd3 Qa4 26. Kb1 Qd7 27. g5 f6
28. Qe3 fxg5 29. hxg5 Qg4 30. Qa7 Qg2 31. Rdf1 Qf3 32. Kc2 Rf4 33. Bc1 Rxe4 34.
Be3 Rxe3 35. fxe3 Qxd5 36. e4 Qa2+ 37. Kd1 Bxg5 38. Qf2 Qxf2 39. Rxf2 Bf4 40.
Be2 h4 41. Bg4 Nf7 42. Ke2 Ng5 43. Kd3 h3 44. Ra2 Rh4 45. Bd1 h2 46. Rg2 Rh3+
47. Kc4 Nxe4 48. Rxg6 Nf2 49. Rg7+ Kc6 50. Bg4 d5+ 51. Kb3 Nxg4 52. Rxg4 e4 53.
Rg2 Rxc3+ 54. Ka2 Kb5 55. Re2 e3 0-1

[Event "II. CLANSKA LIGA ZAHOD 2016"]
[Site "Komenda"]
[Date "2016.11.26"]
[Round "6.3"]
[White "Muhic, Jure"]
[Black "Jereb, Lana"]
[Result "1-0"]
[WhiteElo "1870"]
[BlackElo "1584"]
[PlyCount "113"]
[EventDate "2016.11.26"]
[WhiteTeam "SK DOLENJSKE TOPLICE"]
[BlackTeam "SK POSTOJNA"]

1. c4 e5 2. Nc3 Nf6 3. Nf3 Nc6 4. d4 exd4 5. Nxd4 Bc5 6. Nxc6 bxc6 7. e3 O-O 8.
Be2 d5 9. O-O Be6 10. Bf3 Qd7 11. cxd5 cxd5 12. b3 Rab8 13. Bb2 d4 14. Na4 Bb6
15. exd4 Rfd8 16. Nxb6 cxb6 17. Rc1 Nd5 18. Qd2 Rbc8 19. Be4 h6 20. f4 Ne7 21.
Qf2 Nf5 22. Rxc8 Qxc8 23. Rd1 Qa6 24. Bb1 Qb5 25. g4 Nd6 26. d5 Bxg4 27. Rd3
Ne8 28. a4 Qb4 29. Qg3 Qc5+ 30. Kf1 Qc8 31. h3 Bf5 32. Re3 g6 33. Bxf5 Qxf5 34.
Rd3 Rxd5 35. Rxd5 Qxd5 36. Qc3 Kf8 37. Ba3+ Nd6 38. Qh8+ Ke7 39. Qe5+ Qxe5 40.
fxe5 Kd7 41. exd6 f5 42. Kf2 g5 43. Kg3 h5 44. Bb4 a6 45. Ba3 b5 46. a5 Ke6 47.
Bb4 Kd7 48. h4 g4 49. Kf4 Ke6 50. d7 Kxd7 51. Kxf5 g3 52. Bc5 g2 53. b4 Ke8 54.
Kg5 Kf7 55. Kxh5 Kg7 56. Kg5 Kh7 57. h5 1-0

[Event "II. CLANSKA LIGA ZAHOD 2016"]
[Site "Komenda"]
[Date "2016.11.26"]
[Round "6.4"]
[White "Skrbec, Leon"]
[Black "Janko, Roman"]
[Result "0-1"]
[WhiteElo "1505"]
[BlackElo "1862"]
[PlyCount "88"]
[EventDate "2016.11.26"]
[WhiteTeam "SK POSTOJNA"]
[BlackTeam "SK DOLENJSKE TOPLICE"]

1. Nf3 d5 2. d4 Nf6 3. Bf4 e6 4. e3 c5 5. c3 Nc6 6. Nbd2 Be7 7. Bd3 O-O 8. O-O
Nh5 9. Bg3 Nxg3 10. hxg3 Qc7 11. Qb1 g6 12. g4 e5 13. dxe5 Bxg4 14. e4 Nxe5 15.
Nxe5 Qxe5 16. f4 Qh5 17. e5 c4 18. Bc2 Bc5+ 19. Rf2 f6 20. e6 Bxe6 21. Qe1 Rae8
22. Bd1 Bg4 23. Qf1 Bxd1 24. Rxd1 Re2 25. Nf3 Rxf2 26. Qxf2 Bxf2+ 27. Kxf2 Re8
28. Rd4 Re4 29. Rxe4 dxe4 30. Nd2 Qd5 31. Ke1 Qd3 32. g4 Qe3+ 33. Kd1 Qxf4 34.
Nxc4 e3 35. Nxe3 Qxe3 36. g5 fxg5 37. a3 g4 38. Kc2 g3 39. a4 g2 40. b4 g1=R
41. a5 Qe2+ 42. Kb3 Rb1+ 43. Ka4 Qc4 44. Ka3 Qb3# 0-1

[Event "II. CLANSKA LIGA ZAHOD 2016"]
[Site "Komenda"]
[Date "2016.11.26"]
[Round "6.5"]
[White "Gorse, Damjan"]
[Black "Hvala, Inja Ajda"]
[Result "1-0"]
[WhiteElo "1784"]
[BlackElo "1231"]
[PlyCount "81"]
[EventDate "2016.11.26"]
[WhiteTeam "SK DOLENJSKE TOPLICE"]
[BlackTeam "SK POSTOJNA"]

1. e4 c6 2. d4 d5 3. exd5 cxd5 4. Nf3 Nf6 5. c4 Bf5 6. Nc3 e6 7. Bg5 Be7 8.
cxd5 exd5 9. Bb5+ Bd7 10. Bd3 O-O 11. h3 h6 12. Bh4 Re8 13. O-O Nc6 14. a3 Qb6
15. Bxf6 Bxf6 16. Nxd5 Qd8 17. Nxf6+ Qxf6 18. Bc2 Rad8 19. Qd3 g6 20. Qc3 Be6
21. Be4 Bd5 22. Bxd5 Rxd5 23. Qb3 Rd7 24. Rad1 Red8 25. d5 Na5 26. Qb5 b6 27.
Rd4 Qf5 28. Rfd1 Nb7 29. b4 Nd6 30. Qd3 Qxd3 31. R4xd3 Nb5 32. Ne5 Rd6 33. Nc4
R6d7 34. d6 Rc8 35. Ne5 Rdd8 36. d7 Rc7 37. Kf1 Rc2 38. R3d2 Rxd2 39. Rxd2 Nxa3
40. Nc6 Rb8 41. Nxb8 1-0

[Event "II. CLANSKA LIGA ZAHOD 2016"]
[Site "Komenda"]
[Date "2016.11.26"]
[Round "6.6"]
[White "Hrescak, Boris"]
[Black "Kregulj, Andrej"]
[Result "0-1"]
[WhiteElo "1540"]
[BlackElo "1717"]
[PlyCount "100"]
[EventDate "2016.11.26"]
[WhiteTeam "SK POSTOJNA"]
[BlackTeam "SK DOLENJSKE TOPLICE"]

1. e4 c5 2. Bc4 e6 3. Nc3 Nc6 4. f4 a6 5. a3 b5 6. Ba2 g6 7. Nf3 Bg7 8. Ne2 Bb7
9. O-O Nd4 10. d3 Nxf3+ 11. gxf3 d5 12. Rb1 Ne7 13. Be3 Qc7 14. Bf2 Rd8 15. Qe1
O-O 16. Bg3 f5 17. c3 Kh8 18. Nc1 c4 19. Rf2 d4 20. Bh4 Rfe8 21. e5 Rd7 22. Ne2
dxc3 23. dxc4 c2 24. Rc1 Red8 25. Nc3 bxc4 26. Rcxc2 Rd3 27. Qe2 R8d7 28. Nb1
Rd1+ 29. Kg2 R1d4 30. Rxc4 Rxc4 31. Qxc4 Nd5 32. Qxc7 Nxf4+ 33. Kg3 Nh5+ 34.
Kg2 Rxc7 35. Rd2 Bxe5 36. Bg5 Bc8 37. Bh6 Kg8 38. Rd8+ Kf7 39. Nc3 Bf6 40. Rd6
g5 41. h4 Nf4+ 42. Kf1 Be5 43. Rd8 gxh4 44. Rf8+ Kg6 45. Bxf4 Bxf4 46. Ne2 Be5
47. Nc3 h3 48. Rg8+ Kf6 49. Rh8 h2 50. Kg2 Rg7+ 0-1

[Event "II. CLANSKA LIGA ZAHOD 2016"]
[Site "Komenda"]
[Date "2016.11.26"]
[Round "6.1"]
[White "Rodman, Franc"]
[Black "Subelj, Jan"]
[Result "1/2-1/2"]
[WhiteElo "2078"]
[BlackElo "2182"]
[PlyCount "94"]
[EventDate "2016.11.26"]
[WhiteTeam "SD JESENICE"]
[BlackTeam "SK KOMENDA"]

1. d4 Nf6 2. c4 e6 3. Nf3 d5 4. g3 Bb4+ 5. Bd2 Be7 6. Bg2 O-O 7. O-O b6 8. Nc3
Bb7 9. Ne5 Nbd7 10. Bf4 Qc8 11. cxd5 Nxd5 12. Nxd5 Bxd5 13. Nc6 Re8 14. Bxd5
exd5 15. Qb3 Nf6 16. Rac1 Qh3 17. Qf3 Bd6 18. Bxd6 cxd6 19. e3 a5 20. b4 Ne4
21. Rc2 h5 22. Rfc1 h4 23. Qh5 g6 24. Qxh4 Qxh4 25. gxh4 Kf8 26. bxa5 bxa5 27.
Rb1 Rec8 28. Rb6 Ke8 29. a4 Nf6 30. Rb5 Ng8 31. Rb7 Nh6 32. Kf1 Nf5 33. Ke2
Nxh4 34. Kd3 Nf3 35. Rc3 Nxh2 36. Rb5 Ng4 37. f3 Nh2 38. Rxd5 Kd7 39. Nxa5
Rxc3+ 40. Kxc3 Nxf3 41. Nc4 Rxa4 42. Nb6+ Kc6 43. Rxd6+ Kxd6 44. Nxa4 g5 45.
Kd3 f5 46. Nc3 g4 47. Ke2 f4 1/2-1/2

[Event "II. CLANSKA LIGA ZAHOD 2016"]
[Site "Komenda"]
[Date "2016.11.26"]
[Round "6.2"]
[White "Marn, Jan"]
[Black "Jeraj, Zlatko"]
[Result "1-0"]
[WhiteElo "1934"]
[BlackElo "2062"]
[PlyCount "57"]
[EventDate "2016.11.26"]
[WhiteTeam "SK KOMENDA"]
[BlackTeam "SD JESENICE"]

1. d4 Nf6 2. c4 c5 3. d5 d6 4. Nc3 e5 5. e4 Be7 6. Bd3 O-O 7. Nge2 Na6 8. O-O
Nc7 9. f4 a6 10. a4 b6 11. h3 Bd7 12. Bc2 Nfe8 13. Ng3 g6 14. fxe5 Bh4 15. Bh6
Ng7 16. exd6 Bxg3 17. dxc7 Qxc7 18. Qf3 f5 19. exf5 Bxf5 20. Bxf5 Rxf5 21. Qd3
Rxf1+ 22. Rxf1 Nf5 23. Ne4 Be5 24. Bg5 Bd4+ 25. Kh1 Re8 26. Bf4 Qg7 27. d6 Qf7
28. a5 Ng7 29. d7 1-0

[Event "II. CLANSKA LIGA ZAHOD 2016"]
[Site "Komenda"]
[Date "2016.11.26"]
[Round "6.3"]
[White "Pazlar, Marko"]
[Black "Kralj, Nejc"]
[Result "1-0"]
[WhiteElo "2061"]
[BlackElo "1695"]
[PlyCount "61"]
[EventDate "2016.11.26"]
[WhiteTeam "SD JESENICE"]
[BlackTeam "SK KOMENDA"]

1. Nf3 d5 2. d4 Nf6 3. g3 e6 4. Bg2 Be7 5. c4 O-O 6. O-O dxc4 7. Qc2 a6 8. a4
c5 9. Qxc4 Nbd7 10. Qc2 cxd4 11. Nxd4 Nb6 12. Rd1 Nbd5 13. e4 Nb4 14. Qe2 Qc7
15. Nc3 Bd7 16. Be3 Nc6 17. Rac1 Nxd4 18. Bxd4 Bc6 19. Nd5 exd5 20. exd5 Nxd5
21. Bxd5 Rfe8 22. Bxc6 bxc6 23. Qc4 Rec8 24. Rc2 Qa5 25. Bc3 Qf5 26. Re2 Bc5
27. Bd4 Rd8 28. Red2 Qg5 29. Qxc5 Rd5 30. Qxc6 Rad8 31. Be3 1-0

[Event "II. CLANSKA LIGA ZAHOD 2016"]
[Site "Komenda"]
[Date "2016.11.26"]
[Round "6.4"]
[White "More, Erlend"]
[Black "Pavlin, Ivan"]
[Result "0-1"]
[WhiteElo "1650"]
[BlackElo "1882"]
[PlyCount "121"]
[EventDate "2016.11.26"]
[WhiteTeam "SK KOMENDA"]
[BlackTeam "SD JESENICE"]

1. d4 g6 2. c4 Bg7 3. Nc3 d6 4. Nf3 Nd7 5. e3 e5 6. Be2 Ne7 7. O-O O-O 8. Qc2
h6 9. b3 Nc6 10. dxe5 Ndxe5 11. Bb2 Rb8 12. Rfd1 Qf6 13. Rab1 Nxf3+ 14. Bxf3
Ne5 15. Be2 Qf5 16. Qxf5 Bxf5 17. e4 Be6 18. Nd5 Bxd5 19. exd5 Nd7 20. Bxg7
Kxg7 21. f4 Rbe8 22. Bf3 Re7 23. Re1 Rfe8 24. Kf2 Nc5 25. Rxe7 Rxe7 26. Rd1 f5
27. g3 Kf6 28. Rd2 a5 29. Rd4 b6 30. Rd2 g5 31. fxg5+ hxg5 32. Rd1 Rh7 33. Kg2
g4 34. Be2 Re7 35. Kf1 Ne4 36. Rd3 Rh7 37. Kg2 Ke5 38. Bd1 Re7 39. Be2 Nc5 40.
Re3+ Ne4 41. Rd3 Rh7 42. Bd1 Rg7 43. Be2 f4 44. gxf4+ Kxf4 45. Bd1 Ke5 46. Be2
Kf4 47. Bd1 Rg8 48. Be2 Re8 49. Bd1 Nf6 50. Kf2 Re5 51. Be2 Ne4+ 52. Kg2 Nc5
53. Rd2 Ke3 54. Rc2 Kf4 55. Rd2 Ne4 56. Rd3 Ng5 57. Bd1 Re1 58. Kf2 Re4 59. Kg2
Nf7 60. Kf2 Ne5 61. Rg3 {nejasno (70)} 0-1

[Event "II. CLANSKA LIGA ZAHOD 2016"]
[Site "Komenda"]
[Date "2016.11.26"]
[Round "6.5"]
[White "Ravnik, Franc"]
[Black "Mlakar, Matej"]
[Result "1-0"]
[WhiteElo "1920"]
[BlackElo "1503"]
[PlyCount "81"]
[EventDate "2016.11.26"]
[WhiteTeam "SK KOMENDA"]
[BlackTeam "SD JESENICE"]

1. e4 e5 2. Nf3 Nc6 3. Bb5 Nf6 4. O-O Nxe4 5. Re1 Nd6 6. Bxc6 dxc6 7. Nxe5 Be7
8. d4 O-O 9. b3 Bf6 10. Bb2 Re8 11. Nd2 Bxe5 12. dxe5 Nf5 13. Ne4 Qxd1 14.
Raxd1 b6 15. g3 Be6 16. c4 h6 17. f4 Red8 18. Kf2 Kf8 19. g4 Rxd1 20. Rxd1 Ne7
21. f5 Nxf5 22. gxf5 Bxf5 23. Ke3 Re8 24. Ng3 Bg6 25. Kf4 Bc2 26. Rd2 Bb1 27.
h4 c5 28. Bc3 a5 29. Nh5 Bg6 30. Ng3 Bb1 31. Nf5 a4 32. bxa4 Ra8 33. a5 bxa5
34. a3 a4 35. Rd7 c6 36. Nd6 Bg6 37. e6 fxe6 38. Rxg7 Bd3 39. Rc7 Ra6 40. Bg7+
Kg8 41. Bxh6 1-0

[Event "II. CLANSKA LIGA ZAHOD 2016"]
[Site "Komenda"]
[Date "2016.11.26"]
[Round "6.6"]
[White "Mihelic, Vesna"]
[Black "Halilov, Esad"]
[Result "1-0"]
[WhiteElo "1540"]
[BlackElo "1938"]
[PlyCount "65"]
[EventDate "2016.11.26"]
[WhiteTeam "SK KOMENDA"]
[BlackTeam "SD JESENICE"]

1. e4 c5 2. Nf3 Nc6 3. Nc3 e6 4. d4 cxd4 5. Nxd4 a6 6. a4 d6 7. Be3 Nf6 8. Be2
Be7 9. O-O d5 10. exd5 exd5 11. Bf3 h6 12. Re1 O-O 13. Qd2 Ne5 14. Rad1 Bb4 15.
Bf4 Nxf3+ 16. Nxf3 Bg4 17. Kh1 Qa5 18. Bxh6 Ne4 19. Qd4 gxh6 20. Nxe4 dxe4 21.
c3 Rfd8 22. Qxe4 Bxf3 23. gxf3 Rxd1 24. Rxd1 Bf8 25. Rg1+ Bg7 26. Qd4 f6 27.
Qd7 Qg5 28. Rxg5 hxg5 29. Qxb7 Re8 30. Qxa6 Kf7 31. Qc4+ Kg6 32. a5 Rh8 33. a6
1-0